Abréviations de jeux vidéo - Statistiques

Statistiques générales
  • Ce quiz a été pris 1 366 fois
  • Le résultat moyen est 15 sur 25
Statistiques - réponses
Abréviations Jeux vidéo % Correct
RL Rocket League
98%
LOL League of Legends
94%
COD Call of Duty
92%
WOW World of Warcraft
90%
CS Counter Strike
88%
GTA Grand Theft Auto
87%
FTN Fortnite
85%
DK Donkey Kong
69%
OW Overwatch
69%
FF Final Fantasy
68%
MC Minecraft
66%
GOW God of War
64%
RDR Red Dead Redemption
62%
AC Assassin's Creed
61%
EA Electronic Arts
58%
SSB Super Smash Bros.
48%
RE Resident Evil
45%
TM TrackMania
36%
AOE Age of Empires
34%
FM Football Manager
33%
MK Mortal Kombat
33%
LOZ The Legend of Zelda
33%
PUBG PlayerUnknown's Battlegrounds
26%
SF Street Fighter
25%
FG Fall Guys
18%
Aucun quiz correspondant
Distribution des résultats
% des personnes avec chaque résultat
Percentile par nombre de réponses
Votre historique - résultats
Vous n’avez pas pris ce quiz